Principles of marketing / (Record no. 741)
[ view plain ]
| 000 -LEADER | |
|---|---|
| fixed length control field | 00803cam a22002412 4500 |
| 001 - CONTROL NUMBER | |
| control field | 0000008493 |
| 005 - DATE AND TIME OF LATEST TRANSACTION | |
| control field | 20151021151114.0 |
| 008 - FIXED-LENGTH DATA ELEMENTS--GENERAL INFORMATION | |
| fixed length control field | 080416s xx 000 0 eng d |
| 020 ## - INTERNATIONAL STANDARD BOOK NUMBER | |
| International Standard Book Number | 0132390026 : |
| Terms of availability | KES |
| 040 ## - CATALOGING SOURCE | |
| Original cataloging agency | KABU |
| Transcribing agency | KABU |
| 100 1# - MAIN ENTRY--PERSONAL NAME | |
| Personal name | Kotler, Philip. |
| -- | 0000097559 |
| 245 10 - TITLE STATEMENT | |
| Title | Principles of marketing / |
| Statement of responsibility, etc. | Philip Kotler, Gary Armstrong. |
| 250 ## - EDITION STATEMENT | |
| Edition statement | 12th ed. |
| 260 ## - PUBLICATION, DISTRIBUTION, ETC. (IMPRINT) | |
| Place of publication, distribution, etc. | Upper Saddle River, NJ. : |
| Name of publisher, distributor, etc. | Pearson, |
| Date of publication, distribution, etc. | 2008. |
| 300 ## - PHYSICAL DESCRIPTION | |
| Extent | xxxii, 599, [99] p. |
| 650 #0 - SUBJECT ADDED ENTRY--TOPICAL TERM | |
| Topical term or geographic name as entry element | Marketing. |
| -- | 0000151351 |
| 700 1# - ADDED ENTRY--PERSONAL NAME | |
| Personal name | Armstrong, Gary. |
| -- | 0000097560 |
| 908 ## - PUT COMMAND PARAMETER (RLIN) | |
| Put command parameter | 080416 |
| 950 ## - LOCAL HOLDINGS (RLIN) | |
| -- | 1 |
| Withdrawn status | Lost status | Source of classification or shelving scheme | Damaged status | Not for loan | Home library | Current library | Date acquired | Total Checkouts | Full call number | Barcode | Date last seen | Date last checked out | Price effective from | Koha item type |
|---|---|---|---|---|---|---|---|---|---|---|---|---|---|---|
| Library of Congress Classification | Kabarak, Main Campus | Kabarak, Main Campus | 17/12/2015 | 9 | HF5415 .K68 2008 c. 1 | 17161 | 05/07/2024 | 19/06/2024 | 17/12/2015 | General Collection | ||||
| Lost | Library of Congress Classification | Kabarak, Nakuru City Campus | Kabarak, Nakuru City Campus | 21/10/2015 | 1 | HF5415 .K68 2008 | 005899 | 26/01/2016 | 26/01/2016 | 21/10/2015 | General Collection | |||
| Library of Congress Classification | Kabarak, Nakuru City Campus | Kabarak, Nakuru City Campus | 21/10/2015 | 2 | HF5415 .K68 2008 | 005902 | 23/11/2016 | 23/11/2016 | 21/10/2015 | General Collection | ||||
| Library of Congress Classification | Kabarak, Nakuru City Campus | Kabarak, Nakuru City Campus | 21/10/2015 | 4 | HF5415 .K68 2008 | 005907 | 17/03/2023 | 03/03/2023 | 21/10/2015 | General Collection |